00903 2200349 4500001002100000005001700021008004100038020002200079035002500101040001200126041000800138082001200146090001800158100002300176245004900199250001100248260002200259300003400281600004000315650001600355850001200371990001700383990001700400990001700417990001700434990001700451990001700468990001700485990001700502990001700519990001700536YOGYA-0113000000081320150323160351.0 ind  a978-979-039-048-5 a0010-011300000000813 aYOPDYOG aInd a297.577 a297.577 Nas C aNASHIR ASY-SYAFI'I aCerdas mendampingi suamiccNASHIR ASY-SYAFII aCet. 6 aSolobAqwamc2009 aVIII, 303 hlmc23 cm (10 eks) aArif Munandar Riswanto ; Muhtadawan aSuami istri aYOPDYOG a2471-PK/B.12 a2472-PK/B.12 a2473-PK/B.12 a2474-PK/B.12 a2475-PK/B.12 a2476-PK/B.12 a2477-PK/B.12 a2478-PK/B.12 a2479-PK/B.12 a2480-PK/B.12